[Event "Open A"]
[Site "Genova ITA"]
[Date "2001.11.24"]
[Round "7"]
[White "Scalcione,M"]
[Black "Paragua,M"]
[Result "0-1"]
[WhiteElo "2292"]
[BlackElo "2447"]

1.Nf3 Nf6 2.c4 g6 3.Nc3 Bg7 4.e4 d6 5.d4 O-O 6.Be2 e5 7.Be3 exd4 8.Nxd4 Re8
9.f3 c6 10.Bf2 d5 11.exd5 cxd5 12.c5 Nc6 13.O-O Nh5 14.Qd2 Be5 15.g3 Ng7
16.Rad1 Bxd4 17.Bxd4 Nxd4 18.Qxd4 Nf5 19.Qf4 Qe7 20.Rf2 Be6 21.g4 Ng7 22.Nb5 Red8
23.b4 a5 24.a3 axb4 25.axb4 Ra2 26.Nc3 Rc2 27.Qd4 f5 28.h3 Qh4 29.Bf1 Rxf2
30.Qxf2 Qe7 31.Qd4 h5 32.Bg2 Kh7 33.Qe3 Qf7 34.Rd4 Rf8 35.f4 fxg4 36.hxg4 Re8
37.Qd2 hxg4 38.Nxd5 Nf5 39.Rd3 g3 40.Qc3 Bxd5 41.Rxd5 Ne3 42.Rd4 Kh6 43.Re4 Qa2
44.Rxe3 Qf2+ 45.Kh1 Qxe3 46.Qxe3 Rxe3 47.Bxb7 Kh5 48.c6 Rc3 49.b5 Kg4 50.Kg2 Rc2+
51.Kg1 g2 52.c7 Rxc7 53.Bxg2 Rc1+ 54.Kf2 Rc2+ 55.Kf1 Kxf4 56.b6 Rb2 57.b7 g5
58.Bc6 g4 59.Bd5 Kg3 60.Be4 Kh2 61.Bd5 g3 62.Be4 Rb4 63.Bd5 Rb1+  0-1

[Event "TCh-BEL 2001-2"]
[Site "Belgium BEL"]
[Date "2001.11.25"]
[Round "3"]
[White "Abolianin,A"]
[Black "Glek,I"]
[Result "0-1"]
[WhiteElo "2392"]
[BlackElo "2601"]

1.Nf3 Nf6 2.c4 g6 3.Nc3 Bg7 4.e4 d6 5.d4 O-O 6.Be2 Na6 7.O-O e5 8.Be3 Ng4
9.Bg5 Qe8 10.d5 f5 11.Ne1 h6 12.Bd2 Nf6 13.exf5 Bxf5 14.Be3 g5 15.f3 e4 16.f4 gxf4
17.Rxf4 Qg6 18.Nc2 Nc5 19.Qf1 Ng4 20.Bxg4 Bxg4 21.Bxc5 dxc5 22.Nxe4 Be5 23.Rf2 Qxe4
24.Re1 Rxf2  0-1

[Event "FIDE WCh Women KO"]
[Site "Moscow RUS"]
[Date "2001.11.29"]
[Round "2.1"]
[White "Maric,A"]
[Black "Gaponenko,I"]
[Result "1-0"]
[WhiteElo "2457"]
[BlackElo "2409"]

1.Nf3 Nf6 2.c4 g6 3.Nc3 Bg7 4.e4 d6 5.d4 O-O 6.Be2 e5 7.Be3 Ng4 8.Bg5 f6
9.Bc1 Nc6 10.d5 Ne7 11.h3 Nh6 12.h4 Nf7 13.h5 f5 14.hxg6 Nxg6 15.Qc2 f4 16.Bd2 c5
17.O-O-O a6 18.g3 Bd7 19.Nh4 Nxh4 20.Rxh4 fxg3 21.fxg3 Ng5 22.Rdh1 b5 23.Qd3 bxc4
24.Qe3 h6 25.Rxh6 Bxh6 26.Rxh6 Nf7 27.Rg6+ Kh7 28.Rxd6 Nxd6 29.Qh6+ Kg8 30.Qg6+ Kh8
31.Bg5 Qc7 32.Be7 Bf5 33.Qh6+ Bh7 34.Bxf8 Rd8 35.Qf6+ Kg8 36.Be7 Nf7 37.Bh5 Rf8
38.d6 Qc8 39.Bxf8 Qxf8 40.Nd5 Qg7 41.Bxf7+ Qxf7 42.Qxf7+ Kxf7 43.d7  1-0

[Event "ch-GER"]
[Site "Altenkirchen GER"]
[Date "2001.12.01"]
[Round "2"]
[White "Slobodjan,R"]
[Black "Wolter,K"]
[Result "1-0"]
[WhiteElo "2522"]
[BlackElo "2295"]

1.d4 Nf6 2.c4 g6 3.Nc3 Bg7 4.e4 d6 5.Nf3 O-O 6.Be2 e5 7.Be3 Ng4 8.Bg5 f6
9.Bh4 Nc6 10.d5 Ne7 11.Nd2 h5 12.h3 Nh6 13.g4 g5 14.Bg3 h4 15.Bh2 Ng6 16.Bf1 Nf7
17.Qc2 Re8 18.Nd1 c5 19.a3 Bf8 20.b4 Qc7 21.Nc3 Bd7 22.f3 Be7 23.Bg1 cxb4
24.axb4 Rec8 25.Qb3 Kg7 26.Rh2 Nf4 27.Ndb1 b6 28.Rha2 Qb7 29.Ra6 Bd8 30.Qa2 Rcb8
31.Rxa7 Rxa7 32.Qxa7 Qc8 33.Qa6 Rb7 34.Na3 Qb8 35.Nab5 Kf8 36.Na7 Qc7 37.Ncb5 Bxb5
38.Nxb5 Qd7 39.Na7 Qc7 40.Nc6 Kg7 41.Qa8 Be7 42.Ra7 Rxa7 43.Qxa7 Qxa7 44.Nxa7 Bd8
45.Nc8 b5 46.cxb5 Bc7 47.Ba7  1-0

[Event "FSIMA December"]
[Site "Budapest HUN"]
[Date "2001.12.02"]
[Round "2"]
[White "Gonda,L"]
[Black "Mensch,E"]
[Result "1-0"]
[WhiteElo "2309"]
[BlackElo "2299"]

1.d4 Nf6 2.Nf3 d6 3.c4 g6 4.Nc3 Bg7 5.e4 O-O 6.Be2 e5 7.O-O Nbd7 8.Qc2 c6
9.Rd1 exd4 10.Nxd4 Re8 11.f3 a5 12.Bf1 Qc7 13.Be3 Ne5 14.Kh1 h5 15.Qf2 a4
16.Rac1 Qb8 17.h3 Qc7 18.Nc2 Qe7 19.c5 d5 20.exd5 Nxd5 21.Nxd5 cxd5 22.Bd4 Be6
23.Nb4 Red8 24.Nd3 Nxd3 25.Bxd3 Rac8 26.Bxg7 Kxg7 27.Qd4+ Qf6 28.Qb4 Rc7
29.Bb5 Rdc8 30.Bxa4 Bxh3 31.Qd4 Be6 32.b4 h4 33.Kg1 h3 34.Qxf6+ Kxf6 35.gxh3 Rh8
36.Bb3 Ke5 37.Kf2 Rxh3 38.b5 Rh4 39.c6 Rb4 40.cxb7 Rxb7 41.Re1+ Kf6 42.Rc6 R7xb5
43.Rd1 Ke7 44.Ke3 g5 45.Rd2 f5 46.Rd4 Rxd4 47.Kxd4 Kf6 48.Ra6 Rb4+ 49.Kc5 Rb8
50.Bxd5 Rc8+ 51.Kd4 g4 52.fxg4 fxg4 53.Rxe6+ Kg5 54.a4 Rc1 55.Re2 g3 56.Ra2 Rd1+
57.Kc5 Kf4 58.a5 Ke5 59.Bc6 Rc1+ 60.Kb6 Kd6 61.Rd2+ Ke5 62.a6  1-0

[Event "FSGMB December"]
[Site "Budapest HUN"]
[Date "2001.12.03"]
[Round "3"]
[White "Szeberenyi,A"]
[Black "Grivas,E"]
[Result "1/2-1/2"]
[WhiteElo "2365"]
[BlackElo "2489"]

1.d4 Nf6 2.c4 g6 3.Nc3 Bg7 4.e4 d6 5.Nf3 O-O 6.Be2 e5 7.O-O Nbd7 8.Qc2 c6
9.Rd1 Qe7 10.d5 c5 11.Bg5 h6 12.Bh4 g5 13.Bg3 Nh5 14.Nd2 Nf4 15.Bg4  1/2-1/2

[Event "FSIMA December"]
[Site "Budapest HUN"]
[Date "2001.12.04"]
[Round "4"]
[White "Galyas,M"]
[Black "Erdelyi,Z"]
[Result "1-0"]
[WhiteElo "2347"]
[BlackElo "2242"]

1.d4 Nf6 2.c4 g6 3.Nc3 Bg7 4.e4 d6 5.Nf3 O-O 6.Be2 e5 7.O-O Nbd7 8.Qc2 exd4
9.Nxd4 Nc5 10.Rd1 Ng4 11.f3 Ne5 12.Be3 a5 13.Ndb5 b6 14.Qd2 Be6 15.b3 Nc6
16.Rab1 Bd7 17.f4 Nb4 18.a3 Nba6 19.b4 axb4 20.axb4 Nb7 21.Bf3 Qc8 22.Nd5 Re8
23.Bd4 Re6 24.Bxg7 Kxg7 25.Qb2+ Kh6 26.g4  1-0

[Event "FSGMB December"]
[Site "Budapest HUN"]
[Date "2001.12.04"]
[Round "4"]
[White "Grivas,E"]
[Black "Vajda,Al"]
[Result "1-0"]
[WhiteElo "2489"]
[BlackElo "2416"]

1.d4 g6 2.c4 Bg7 3.e4 d6 4.Nc3 Nd7 5.Nf3 e5 6.Be2 Ngf6 7.O-O O-O 8.Qc2 h6
9.Rd1 Re8 10.dxe5 dxe5 11.c5 c6 12.b4 Qc7 13.a3 Nf8 14.h3 Ne6 15.Be3 Bd7
16.Rd6 Bf8 17.Rad1 Bxd6 18.cxd6 Qd8 19.Nxe5 Rc8 20.Bc4 Nh7 21.f4 b5 22.Bb3 Rf8
23.Qf2 Qf6 24.Nxd7 Qxc3 25.Bxe6 fxe6 26.Nxf8 Nxf8 27.f5 Qb3 28.Rf1 g5 29.h4 Qc4
30.hxg5 Qxe4 31.gxh6 exf5 32.Qg3+ Kf7 33.Qg7+ Ke6 34.Qe7+ Kd5 35.Rd1+  1-0

[Event "9th YM"]
[Site "Loures POR"]
[Date "2001.12.05"]
[Round "9"]
[White "Pinheiro,J"]
[Black "Janev,E"]
[Result "0-1"]
[WhiteElo "2339"]
[BlackElo "2487"]

1.d4 Nf6 2.c4 d6 3.Nf3 g6 4.Nc3 Bg7 5.e4 O-O 6.Be2 e5 7.d5 Nbd7 8.Be3 Ne8
9.g4 c6 10.h4 cxd5 11.cxd5 a6 12.h5 b5 13.hxg6 fxg6 14.Ng5 Ndf6 15.Ne6 Bxe6
16.dxe6 Nc7 17.g5 Nfe8 18.Bg4 Qe7 19.Qb3 a5 20.Rc1 a4 21.Nd5 Nxd5 22.Qxd5 Rb8
23.Qc6 Rb7 24.Qd7 Rxd7 25.exd7 d5 26.Rc6 Qb4+ 27.Kd1 Qxe4 28.Be6+ Kh8 29.Re1 d4
30.Rc8 dxe3 31.d8=Q Qf3+ 32.Kc1 exf2 33.Rf1 e4 34.Qd7 Qe2 35.Rxe8  0-1

[Event "FSGMB December"]
[Site "Budapest HUN"]
[Date "2001.12.06"]
[Round "6"]
[White "Szeberenyi,A"]
[Black "Vajda,Al"]
[Result "0-1"]
[WhiteElo "2365"]
[BlackElo "2416"]

1.d4 g6 2.c4 Bg7 3.e4 d6 4.Nc3 Nd7 5.Nf3 e5 6.Be2 Ngf6 7.O-O O-O 8.Qc2 c6
9.Rd1 Qe7 10.d5 Ne8 11.dxc6 bxc6 12.Be3 Nc5 13.b4 Ne6 14.c5 dxc5 15.bxc5 Nf4
16.Qa4 Qc7 17.Bxf4 exf4 18.Rac1 Bg4 19.Nd4 Bxe2 20.Ncxe2 Rc8 21.Rd3 Nf6 22.f3 Rfe8
23.Rcd1 Bf8 24.Nb3 Qe5 25.Qd4 Qg5 26.Qc4 Nd5 27.Rxd5 cxd5 28.Rxd5 Qh4 29.Qc1 Red8
30.g3 fxg3 31.hxg3 Qf6 32.Kg2 Rxd5 33.exd5 Bxc5 34.Nc3 Be3 35.Ne4 Bxc1 36.Nxf6+ Kg7
37.Ne4 Ba3 38.Nd4 Rd8 39.Nb5 Bf8 40.d6 a6 41.Nc7 Kh8 42.Ng5 Kg8 43.Nd5 Rxd6
44.Ne4 Rc6 45.a4 Rc2+ 46.Kh3 h6 47.g4 Rc4 48.Nb6 Rb4 49.Nd7 Be7 50.Ndc5 Bxc5
51.Nxc5 a5  0-1

[Event "FSGMA December"]
[Site "Budapest HUN"]
[Date "2001.12.08"]
[Round "8"]
[White "Schenk,Andreas"]
[Black "Ilincic,Z"]
[Result "1-0"]
[WhiteElo "2443"]
[BlackElo "2521"]

1.d4 Nf6 2.c4 g6 3.Nc3 Bg7 4.e4 d6 5.Nf3 O-O 6.Be2 e5 7.O-O Nh5 8.g3 Bh3
9.Re1 exd4 10.Nxd4 Nf6 11.Bg5 h6 12.Be3 Nbd7 13.Qd2 Kh7 14.f3 Ne5 15.Nd1 Bd7
16.Nf2 a6 17.b4 Ba4 18.Kg2 Re8 19.Rac1 Qd7 20.h3 b5 21.cxb5 axb5 22.Ng4 h5
23.Nxe5 Rxe5 24.Rc6 Ne8 25.Rec1 d5 26.f4 Rxe4 27.Bf3 Re7 28.f5 Nd6 29.fxg6+ fxg6
30.Qd3 Rc8 31.Bxh5 Rxe3 32.Bxg6+ Kh6 33.Qxe3+ Kxg6 34.Qd3+ Kf7 35.Qh7 Rh8
36.Rf1+ Ke8 37.Qg6+ Nf7 38.Re1+  1-0

[Event "Open"]
[Site "Rijeka CRO"]
[Date "2001.12.08"]
[Round "8"]
[White "Tratar,M"]
[Black "Rezan,S"]
[Result "1/2-1/2"]
[WhiteElo "2405"]
[BlackElo "2337"]

1.d4 Nf6 2.Nf3 g6 3.c4 Bg7 4.Nc3 O-O 5.e4 d6 6.Be2 e5 7.O-O exd4 8.Nxd4 Re8
9.f3 Nc6 10.Be3 Nh5 11.Qd2 Nxd4 12.Bxd4 Nf4 13.Rfd1 Qg5 14.Bf1 Bxd4+ 15.Qxd4 Bd7
16.Nd5 Nxd5 17.cxd5 c5 18.dxc6 Bxc6 19.Qxd6 Red8 20.Qb4 a5 21.Qb6 Rd2 22.Rxd2 Qxd2
23.Qf2 Rd8 24.Re1 a4 25.Qxd2 Rxd2 26.Re2 Rd1 27.g3 Rb1 28.Rf2 Bb5 29.b3 axb3
30.axb3 Bxf1 31.Rxf1 Rxb3 32.Kf2 b5 33.h4 b4 34.Rc1 h6 35.Rc8+ Kg7 36.e5 g5
37.h5 Rc3 38.Rb8 b3 39.g4  1/2-1/2

[Event "Winter Cup"]
[Site "Bucharest ROM"]
[Date "2001.12.11"]
[Round "1"]
[White "Bochkarev,A UKR"]
[Black "Nanu,C"]
[Result "1/2-1/2"]
[WhiteElo "2361"]
[BlackElo "2412"]

1.d4 Nf6 2.c4 g6 3.Nc3 Bg7 4.e4 O-O 5.Nf3 d6 6.Be2 Na6 7.O-O e5 8.dxe5 dxe5
9.b3 Qe7 10.Nd5 Qd6 11.Bg5 Nxd5 12.Qxd5 Qa3 13.Bc1 Qe7 14.Bg5 Qe6 15.Rfd1 c6
16.Qd6 Qxd6 17.Rxd6 Nc5 18.Nd2 Ne6 19.h4 Nd4 20.Bf1 Bg4 21.c5 Rfe8 22.Nc4 Bf8
23.Re1 Nb5 24.Rd3 Bxc5 25.a4 Nd4 26.Bf6 Be6 27.Nxe5 Nxb3 28.Rb1 Be7 29.Nd7 Bxd7
30.Rxd7 Bxf6 31.Rxb3 b6 32.Bc4 Rxe4 33.Bxf7+ Kh8 34.h5 gxh5 35.Bxh5 Rxa4
36.Bf3 Rc4 37.Re3 a5 38.Re6 Rf8 39.Bxc6 Bd4 40.g3 Bxf2+ 41.Kg2 Rd4 42.Rb7 Rd2
43.Be4 Bc5+ 44.Kh3 Rfd8 45.Rxh7+ Kg8 46.Rhh6 R8d7 47.Bf5 Rg7 48.Re8+ Kf7
49.Rb8 Rd6 50.Rb7+ Kg8 51.Rb8+ Kf7 52.Rb7+ Kg8 53.Be6+ Rxe6 54.Rxg7+ Kxg7
55.Rxe6 a4 56.Kg4 a3 57.Rc6 Bd4 58.Rc7+ Kf6 59.Ra7 Bb2 60.Ra6 Ke5 61.Rxb6  1/2-1/2

[Event "Salona"]
[Site "Solin-Split CRO"]
[Date "2001.12.14"]
[Round "7"]
[White "Ftacnik,L"]
[Black "Kozul,Z"]
[Result "1/2-1/2"]
[WhiteElo "2566"]
[BlackElo "2569"]

1.d4 Nf6 2.Nf3 g6 3.c4 Bg7 4.Nc3 O-O 5.e4 d6 6.Be2 e5 7.O-O c6 8.Re1 Na6
9.Bf1 Bg4 10.d5 Nb4 11.Be2 a5 12.Rb1 Na6 13.Be3 Bd7 14.dxc6 Bxc6 15.Nd2 Nc5
16.f3 Nh5 17.Nd5 f5 18.exf5 gxf5 19.Nb3 Nd7 20.Qd2 f4 21.Bf2 Kh8 22.Rbd1 Rg8
23.Bf1 Bh6 24.Qc3 Ng3 25.Nd2 Nxf1 26.Kxf1 Bxd5 27.cxd5 Nf6 28.Ne4 Nxe4 29.Rxe4 Qg5
30.g4 fxg3 31.hxg3 Rac8 32.Qd3 Qg6 33.Kg2 Rc7 34.Re2 Rgc8 35.f4 exf4 36.Bd4+ Kg8
37.Qxg6+ hxg6 38.Re6 Rf8 39.gxf4 Rc2+ 40.Kh3 Bxf4 41.Rxg6+ Kh7 42.Rg2 Rxg2
43.Kxg2 Kg6 44.Bc3 Kf5 45.Re1 b6 46.Re7 Rg8+ 47.Kf2 Rg4 48.Ke2 Rg3 49.Rb7 Ke4
50.Rxb6 Rg2+ 51.Kd1 Be3 52.Rb3 Kf3 53.Bxa5 Rg1+ 54.Be1 Ke4 55.Kc2 Rg2+ 56.Kd1 Rg1
57.Kc2 Rg2+ 58.Kd1 Rg1  1/2-1/2

[Event "XIV Carlos Torre"]
[Site "Merida MEX"]
[Date "2001.12.17"]
[Round "4"]
[White "Gonzalez,JC"]
[Black "Cerriteno Rodriguez,O"]
[Result "1-0"]
[WhiteElo "2517"]
[BlackElo "2262"]

1.Nf3 Nf6 2.c4 g6 3.Nc3 Bg7 4.e4 d6 5.d4 O-O 6.Be2 e5 7.Be3 Nbd7 8.O-O Re8
9.d5 Ng4 10.Bg5 f6 11.Bh4 Nh6 12.Nd2 g5 13.Bg3 Nf8 14.Re1 Ng6 15.f3 Re7 16.Bf2 Nf4
17.Bf1 Bf8 18.g3 Ng6 19.Bg2 Rg7 20.Nf1 g4 21.Be3 gxf3 22.Bxh6 fxg2 23.Ne3 Rf7
24.Bxf8 Qxf8 25.Nf5 Bxf5 26.exf5 Ne7 27.Qh5 Rg7 28.Ne4 Qf7 29.Qf3 Kh8 30.Re2 Nc8
31.g4 Nb6 32.Rc1 Nd7 33.b4 a5 34.a3 axb4 35.axb4 b5 36.c5 Rag8 37.cxd6 cxd6
38.h3 Qxd5 39.Rd2 Qb7 40.Rxd6 Rc8 41.Rxc8+ Qxc8 42.Kxg2 Qc2+ 43.Nf2 h5 44.Qa8+ Kh7
45.Qe4 Qb2 46.Kf3 Qc3+ 47.Rd3 Qc1 48.Rd6 Qc3+ 49.Kg2 Qb2 50.Rd5 hxg4 51.hxg4 Nb8
52.Rd3 Nd7 53.Rh3+ Kg8 54.Qa8+  1-0

[Event "It"]
[Site "Lvov UKR"]
[Date "2001.12.18"]
[Round "1"]
[White "Maksimenko,A"]
[Black "Volokitin,A"]
[Result "1-0"]
[WhiteElo "2495"]
[BlackElo "2566"]

1.d4 Nf6 2.c4 g6 3.Nc3 Bg7 4.e4 d6 5.Be2 O-O 6.Nf3 e5 7.O-O exd4 8.Nxd4 Re8
9.f3 Nc6 10.Be3 Nh5 11.Qd2 f5 12.Rad1 Nf4 13.Rfe1 Nxe2+ 14.Rxe2 fxe4 15.Nxc6 bxc6
16.Bg5 Bxc3 17.bxc3 Qd7 18.Rxe4 Rxe4 19.fxe4 Qe6 20.c5 Ba6 21.cxd6 cxd6 22.Qxd6 Qxe4
23.Qd7 Re8 24.h3 Bc8 25.Qc7 Qe5 26.Qxe5 Rxe5 27.Rd8+ Kg7 28.Rxc8 Rxg5 29.Rc7+ Kh6
30.Rxa7 Rd5 31.Ra6 Rc5 32.Ra3 Kg5 33.Kf2 Kh4 34.Rb3 Rf5+ 35.Kg1 Rd5 36.Rb4+ Kg5
37.a4 Rd2 38.Rc4 Ra2 39.Kh2 Kf5 40.Rc5+ Ke4 41.a5 Kf4 42.h4 Kg4 43.Rc4+ Kf5
44.Rxc6 Rxa5 45.Rc7 Kg4 46.Rc4+ Kf5 47.g4+ Ke5 48.Kg3 Ra1 49.Rc7 Rg1+ 50.Kf3 Rh1
51.h5 gxh5 52.Rc5+ Kd6 53.Rxh5 Rc1 54.Rxh7 Rxc3+ 55.Kf4 Ke6 56.Kg5 Rg3 57.Rg7 Rc3
58.Kh6 Rh3+ 59.Kg6 Rc3 60.g5 Rc6 61.Ra7 Rc3 62.Kh7 Rh3+ 63.Kg7 Rc3 64.g6 Kf5
65.Kf7  1-0

[Event "TCh-BEL 2001-2"]
[Site "Belgium BEL"]
[Date "2001.12.23"]
[Round "5"]
[White "Kohlweyer,B"]
[Black "Filipek,J"]
[Result "1-0"]
[WhiteElo "2453"]
[BlackElo "2383"]

1.d4 Nf6 2.c4 g6 3.Nc3 Bg7 4.e4 d6 5.Be2 O-O 6.Nf3 e5 7.d5 a5 8.Nd2 Na6 9.h4 h5
10.Nf3 Bg4 11.Ng5 Bxe2 12.Qxe2 c6 13.Be3 Ng4 14.Bd2 Nb4 15.Rc1 Qb6 16.Rh3 cxd5
17.cxd5 Rac8 18.a3 Na6 19.f3 Nf6 20.Be3 Qb3 21.Rh1 Rc4 22.Kf2 Rfc8 23.Rhd1 Bf8
24.Kg3 b5 25.Rd3 Nc5 26.Bxc5 R8xc5 27.Nb1 Qxd3 28.Qxd3 Rxc1 29.Nc3 b4 30.axb4 axb4
31.Na2 R1c4 32.Qb3 Rd4 33.Qa4 Nh7 34.Nh3 Rcc4 35.b3 Rc2 36.Nxb4 Rb2 37.Nf2 Rdd2
38.Nbd3 Ra2 39.Qe8 Kg7 40.b4 Nf6 41.Qd8 Ra3 42.b5 Rdxd3 43.Nxd3 Rxd3 44.Kh2 Rb3
45.b6 Rb5 46.Qc7 Nd7 47.b7 Nf6 48.b8=Q Rxb8 49.Qxb8 Kg8 50.Qd8 Kg7 51.Kg1 Ng8
52.Kf1 Nf6 53.Ke2 Ng8 54.g3 Nf6 55.Kd3 Ng8 56.f4 f6 57.Qd7+ Be7 58.f5 gxf5
59.Qxf5 Kh6 60.g4 hxg4 61.h5  1-0

[Event "Christmas Open"]
[Site "Zurich SUI"]
[Date "2001.12.26"]
[Round "1"]
[White "Papa,S"]
[Black "Antognini,F"]
[Result "1-0"]
[WhiteElo "2251"]
[BlackElo "2038"]

1.d4 Nf6 2.Nf3 g6 3.c4 Bg7 4.Nc3 O-O 5.e4 d6 6.Be2 e5 7.Be3 Re8 8.d5 c5 9.Nd2 h5
10.f3 Kh7 11.a3 Bh6 12.Bf2 Na6 13.Rb1 Kg7 14.b4 b6 15.Bd3 Nh7 16.Bc2 Qg5
17.g3 Bh3 18.Rg1 Re7 19.Ba4 Rc8 20.Bb5 Nc7 21.bxc5 bxc5 22.Ba4 Qf6 23.Qe2 Bxd2+
24.Kxd2 Ng5 25.Bd1 Na8 26.Kd3 Rcc7 27.Be3 Rb7 28.Rxb7 Rxb7 29.Nb5 Rb6 30.Nxa7 Nc7
31.a4 Na6 32.Nb5 Nb4+ 33.Kc3 Bd7 34.h4 Nh7 35.Bb3 Ra6 36.Ra1 Qd8 37.Kb2 Qb6
38.Qd2 Qa5 39.Qc3 f6 40.Rf1 Qd8 41.f4 Qe7 42.Ka3 Be8 43.fxe5 fxe5 44.Bd2 Bd7
45.Qe3 Be8 46.Rf3 Bf7 47.Qh6+ Kg8 48.Bxb4 cxb4+ 49.Kxb4 Be8 50.Qe3 Kg7 51.c5 dxc5+
52.Qxc5  1-0

[Event "22nd Open"]
[Site "Bethune FRA"]
[Date "2001.12.27"]
[Round "3"]
[White "Sarakauskas,G"]
[Black "Luberti,W"]
[Result "1-0"]
[WhiteElo "2391"]
[BlackElo "2173"]

1.Nf3 g6 2.c4 Bg7 3.Nc3 Nf6 4.e4 d6 5.d4 O-O 6.Be2 e5 7.Be3 Nc6 8.O-O Nh5
9.d5 Ne7 10.Re1 f5 11.b4 Nf6 12.Qc2 fxe4 13.Ng5 Nf5 14.Ngxe4 Nxe3 15.fxe3 Bh6
16.Qd3 Nxe4 17.Nxe4 Bf5 18.Bf3 g5 19.g4 Bg6 20.Bg2 Bg7 21.Rac1 Qd7 22.Qe2 Qa4
23.Nxg5 Qxb4 24.Be4 Bf6 25.Bxg6 Bxg5 26.Bf5 Qc5 27.Rb1 a6 28.Rxb7 Rf6 29.Kg2 Kh8
30.Rb3 Rg8 31.Rf1 h5 32.Be6 Rxe6 33.dxe6 hxg4 34.Rf5 Qc6+ 35.e4 Qe8 36.Rg3 Bh6
37.Rxg4 Qxe6 38.h3 Rb8 39.Qf2 Qxc4 40.Rf6 Qc1 41.Rxh6+ Qxh6 42.Rh4  1-0

[Event "10th Open"]
[Site "Aschach AUT"]
[Date "2001.12.28"]
[Round "4"]
[White "Schnider,G"]
[Black "Hristodorescu,D"]
[Result "0-1"]
[WhiteElo "2141"]
[BlackElo "2253"]

1.d4 g6 2.c4 Bg7 3.Nc3 Nf6 4.e4 d6 5.Nf3 O-O 6.Be2 e5 7.dxe5 dxe5 8.Qxd8 Rxd8
9.Bg5 Rf8 10.Nd5 Nxd5 11.cxd5 c6 12.Bc4 b5 13.Bb3 Bb7 14.O-O-O c5 15.d6 c4
16.Bc2 Nd7 17.Nd2 Rfc8 18.Nf1 a5 19.Kb1 b4 20.Ne3 f6 21.Bh4 a4 22.Nd5 b3
23.Ne7+ Kf7 24.Nxc8 bxc2+ 25.Kxc2 Bxe4+ 26.Kc3 Rxc8 27.f3 Bd3 28.b3 f5 29.bxc4 e4+
30.Kb4 Rb8+  0-1

[Event "ch-AUS"]
[Site "Melbourne AUS"]
[Date "2001.12.28"]
[Round "1"]
[White "Stirling,N"]
[Black "Zhao Zong Yuan"]
[Result "1/2-1/2"]
[WhiteElo "2141"]
[BlackElo "2387"]

1.d4 Nf6 2.Nf3 g6 3.c4 Bg7 4.Nc3 O-O 5.e4 d6 6.Be2 e5 7.dxe5 dxe5 8.Qxd8 Rxd8
9.Bg5 Re8 10.Rd1 Na6 11.O-O Bg4 12.h3 Bxf3 13.Bxf3 Nc5 14.Be3 Ne6 15.Rd2 Red8
16.Rfd1 Rxd2 17.Rxd2 Ne8 18.Bd1 Bf8 19.Bg4 N6g7 20.Bd1 f5 21.Rd5 f4 22.Bc1 c6
23.Rxe5 Bd6 24.Ra5 b6 25.Ra4 Ne6 26.b4 Be5 27.Ra3 Nd6 28.Be2 a5 29.Nd1 f3
30.gxf3 Nd4 31.Bd3 Nxf3+ 32.Kf1 Rd8 33.bxa5 bxa5 34.Be2 Nd4 35.Rxa5 Bg7 36.Bg5 Re8
37.f3 Nxe2 38.Kxe2 Nxc4 39.Rc5 Ne5 40.Bf4 Re6 41.Bxe5 Bxe5 42.Ne3  1/2-1/2

[Event "ch-AUS"]
[Site "Melbourne AUS"]
[Date "2001.12.29"]
[Round "2"]
[White "Saw,G"]
[Black "West,G"]
[Result "0-1"]
[WhiteElo "2236"]
[BlackElo "2363"]

1.d4 d6 2.Nf3 g6 3.c4 Bg7 4.Nc3 Nd7 5.e4 e5 6.Be2 Ngf6 7.O-O O-O 8.Be3 Ng4
9.Bg5 f6 10.Bc1 Nh6 11.Qc2 c6 12.Rd1 Qc7 13.b4 a5 14.Ba3 axb4 15.Bxb4 exd4
16.Nxd4 Nc5 17.f4 f5 18.e5 dxe5 19.fxe5 Qxe5 20.Kh1 Re8 21.Nf3 Qe3 22.Re1 Ne6
23.Bf1 Qb6 24.Bd6 Nf7 25.Rab1 Qd8 26.Bg3 Qa5 27.Rb3 Rd8 28.Nb1 Qxa2 29.Qxa2 Rxa2
30.Nc3 Rc2 31.Na4 f4 32.Bh4 g5 33.Nb6 Bc3 34.Rxc3 Rxc3 35.Nxc8 Rxc8 36.Rxe6 gxh4
37.Re4 h3  0-1

[Event "Christmas Open"]
[Site "Zurich SUI"]
[Date "2001.12.29"]
[Round "5"]
[White "Pelletier,Y"]
[Black "Glek,I"]
[Result "1-0"]
[WhiteElo "2545"]
[BlackElo "2590"]

1.Nf3 Nf6 2.c4 g6 3.Nc3 Bg7 4.d4 O-O 5.e4 d6 6.Be2 e5 7.O-O exd4 8.Nxd4 Re8
9.f3 Nc6 10.Be3 Nh5 11.Qd2 Nf4 12.Rf2 Nxe2+ 13.Rxe2 Ne5 14.b3 a6 15.Bg5 f6
16.Bh4 c6 17.Rf1 Bd7 18.Nc2 Qa5 19.Na4 Qc7 20.f4 Nf7 21.Bf2 b5 22.Nb6 Rad8
23.Nxd7 Rxd7 24.cxb5 axb5 25.Nd4 Qb7 26.Qd3 Rde7 27.Rfe1 b4 28.f5 c5 29.Ne6 Rxe6
30.fxe6 Rxe6 31.Bg3 Qe7 32.Kf1 h5 33.Qd5 Kh7 34.Qa8 Bh6 35.a4 bxa3 36.Qxa3 Ne5
37.Qa8 Qf7 38.Qd5 Qe7 39.Ra1 Bg7 40.Ra7 Qxa7 41.Qxe6 Nd3 42.Qxd6 Qa1+ 43.Be1 Qb1
44.Re3 Ne5 45.Qxc5 Ng4 46.Re2 Nxh2+ 47.Kg1 Ng4 48.Qc2 Qa1 49.g3 Qa7+ 50.Bf2 Qb8
51.Kg2 h4 52.Qd3 Ne5 53.Qe3 Qb5 54.Re1 Ng4 55.Qc5 Qd3 56.gxh4 Qxb3 57.h5 Qe6
58.Qd5 Qc8 59.Rh1 Ne5 60.hxg6+ Kxg6 61.Rh3 Bh6 62.Bg3 Qg4 63.Qg8+  1-0

[Event "Open"]
[Site "Trinec CZE"]
[Date "2001.12.30"]
[Round "5"]
[White "Kadziolka,B"]
[Black "Voloshin,L"]
[Result "0-1"]
[WhiteElo "2193"]
[BlackElo "2453"]

1.e4 g6 2.d4 Bg7 3.c4 d6 4.Nf3 Nf6 5.Nc3 O-O 6.Be2 e5 7.O-O exd4 8.Nxd4 Re8
9.f3 c6 10.Kh1 d5 11.exd5 cxd5 12.Nb3 Be6 13.Nc5 d4 14.Nxe6 Rxe6 15.Bg5 Qe8
16.Bxf6 dxc3 17.Bxg7 Kxg7 18.Qd4+ Kg8 19.Bd3 cxb2 20.Qxb2 Re7 21.Be4 Na6
22.h3 Nc5 23.Bd5 Re2 24.Qd4 Qe3 25.Qf6 Qe7 26.Qxe7 Rxe7 27.Rfe1 Rae8 28.Rxe7 Rxe7
29.Kg1 Kg7 30.a4 b6 31.Ra3 a5 32.Kf2 g5 33.Bc6 f5 34.Ra1 Kf6 35.Rb1 Re6 36.Bb5 Rd6
37.Kg3 f4+ 38.Kh2 h6 39.Re1 Re6 40.Rd1 Ke7 41.h4 Rd6 42.Re1+ Kf6 43.Re8 Nd3
44.Rb8 Ne5 45.hxg5+ hxg5 46.Rb7 Kf5 47.g4+ Kf6 48.Kg2 Rd2+ 49.Kf1 Nxf3 50.Rxb6+ Ke5
51.Rb8 Nh2+ 52.Kg1 Nxg4 53.c5 f3 54.c6 Rg2+ 55.Kf1 Ne3+ 56.Ke1 f2+  0-1

[Event "10th Open"]
[Site "Aschach AUT"]
[Date "2001.12.31"]
[Round "7"]
[White "Danner,G"]
[Black "Kilgus,G"]
[Result "0-1"]
[WhiteElo "2416"]
[BlackElo "2261"]

1.d4 Nf6 2.Nf3 g6 3.c4 Bg7 4.Nc3 O-O 5.e4 d6 6.Be2 e5 7.d5 a5 8.Be3 Na6 9.Nd2 h5
10.a3 Ng4 11.Bxg4 Bxg4 12.Qc2 Qe7 13.Rb1 h4 14.b4 axb4 15.axb4 h3 16.g3 f5
17.f3 f4 18.gxf4 exf4 19.Bf2 Bh5 20.Ne2 c5 21.dxc6 bxc6 22.b5 cxb5 23.cxb5 Nc5
24.b6 Ra3 25.Bxc5 dxc5 26.Rf1 g5 27.Rb3 Rxb3 28.Qxb3+ Bf7 29.Qb5 Rb8 30.Kf2 Qd6
31.Rb1 Qxd2 32.Qxc5 g4 33.Rg1 g3+ 34.hxg3 h2 35.Rh1 fxg3+ 36.Kxg3 Qxe2 37.b7 Qa6
38.Rxh2 Qxb7 39.e5 Rc8 40.Qd4 Qb5 41.f4 Qb3+ 42.Kh4 Be6 43.Qf2 Rc3 44.Qg2 Rf3
45.Kh5 Rxf4 46.Rh4 Rf5+ 47.Kg6 Qd3 48.Rh8+ Bxh8 49.Kh6+ Kf7 50.Qg6+ Kf8 51.Qxf5+  0-1

[Event "Premier"]
[Site "Hastings ENG"]
[Date "2002.01.02"]
[Round "5"]
[White "Wells,P"]
[Black "Zhang Zhong"]
[Result "0-1"]
[WhiteElo "2517"]
[BlackElo "2657"]

1.Nf3 Nf6 2.c4 g6 3.Nc3 Bg7 4.d4 O-O 5.e4 d6 6.Be2 Nbd7 7.O-O e5 8.Be3 Re8
9.d5 Ng4 10.Bd2 c5 11.Ne1 Ngf6 12.Nd3 Re7 13.Qc2 Qf8 14.a3 Bh6 15.b4 Bxd2
16.Qxd2 b6 17.Qe3 Ne8 18.a4 f5 19.a5 Rf7 20.axb6 Nxb6 21.bxc5 Nxc4 22.Qc1 dxc5
23.f4 Qe7 24.Nb5 fxe4 25.Qxc4 exd3 26.Bxd3 exf4 27.Rae1 Qf8 28.d6 Bd7 29.Qxc5 Bxb5
30.Bxb5 Nxd6 31.Bc6 Rc8 32.Rd1 Nf5  0-1

[Event "Open"]
[Site "Trinec CZE"]
[Date "2002.01.02"]
[Round "9"]
[White "Voloshin,L"]
[Black "Hanko,P"]
[Result "1/2-1/2"]
[WhiteElo "2453"]
[BlackElo "2236"]

1.d4 Nf6 2.c4 g6 3.Nc3 Bg7 4.e4 d6 5.Nf3 O-O 6.Be2 e5 7.O-O Nbd7 8.Re1 c6
9.Bf1 a5 10.Rb1 Re8 11.d5 Nc5 12.Qc2 Bd7 13.Be3 cxd5 14.Bxc5 dxe4 15.Bxd6 exf3
16.Rbd1 e4 17.Bg3 Qc8 18.Qb3 a4 19.Qb4 fxg2 20.Bxg2 Bg4 21.Rc1 Bf3 22.Nb5 Bxg2
23.Kxg2 Qg4 24.Qd2 Qf3+ 25.Kg1 Ng4 26.Qe2 Ne5 27.Nc7 Nd3 28.Rcd1 Nxe1 29.Rxe1 Qxe2
30.Rxe2 Rac8 31.Nxe8 Rxe8 32.Rd2 Bf6 33.Rd7 Bxb2 34.Rxb7 Bd4 35.Rc7 e3 36.fxe3 Rxe3
37.Kf1 Rc3 38.Bd6 a3 39.Ke2 Kg7 40.Kd2 Rf3 41.c5 Kf6 42.c6 Ke6 43.Bb4 Kd5
44.Rd7+ Kxc6 45.Rxd4 Rf2+ 46.Kc3 Rxa2 47.Rd6+ Kb5 48.Rd5+ Kc6 49.Rd6+ Kb5  1/2-1/2

[Event "Troll Masters"]
[Site "Gausdal NOR"]
[Date "2002.01.04"]
[Round "1"]
[White "Giddins,S"]
[Black "Bekker Jensen,A"]
[Result "1-0"]
[WhiteElo "2285"]
[BlackElo "2034"]

1.Nf3 Nf6 2.c4 g6 3.Nc3 Bg7 4.e4 d6 5.d4 O-O 6.Be2 e5 7.O-O exd4 8.Nxd4 Na6
9.f3 Nc5 10.Be3 Ne6 11.Nc2 c6 12.Qd2 Qc7 13.Rfd1 Rd8 14.Rac1 Qe7 15.Bf1 Nc7
16.Qf2 b6 17.Re1 Qf8 18.Nd4 Bb7 19.Rcd1 Ne6 20.Nb3 Nc7 21.Qh4 Nfe8 22.f4 f5
23.exf5 Qxf5 24.Bd3 Qf7 25.f5 Bf6 26.Bg5 gxf5 27.Bxf5 Bc8 28.Bxh7+ Qxh7 29.Bxf6 Qxh4
30.Bxh4 Rd7 31.Nd4 Rh7  1-0

[Event "TCh-BEL 2001-2"]
[Site "Belgium BEL"]
[Date "2002.01.06"]
[Round "6"]
[White "Schlecht,D"]
[Black "Barbier,W"]
[Result "1-0"]
[WhiteElo "2366"]
[BlackElo "2188"]

1.d4 Nf6 2.c4 d6 3.Nf3 Nbd7 4.Nc3 e5 5.e4 g6 6.Be2 Bg7 7.O-O O-O 8.Be3 Ng4
9.Bg5 f6 10.Bh4 h5 11.h3 Nh6 12.dxe5 dxe5 13.b4 a5 14.a3 axb4 15.axb4 Rxa1
16.Qxa1 c6 17.Nd2 Qe7 18.c5 g5 19.Bg3 h4 20.Bh2 b6 21.cxb6 Nxb6 22.Qa5 Nd7
23.Nc4 f5 24.exf5 Nxf5 25.Ne4 Nd4 26.Bg4 Nf6 27.Nxf6+ Bxf6 28.Bxc8 Rxc8 29.Bxe5 Bxe5
30.Qxe5 Qxe5 31.Nxe5 Rb8 32.Nd3 Kg7 33.Kh2 Nf5 34.Rc1 Rd8 35.Ne5 Rd2 36.Rxc6 Rxf2
37.Rg6+ Kf8 38.Rxg5 Ne3 39.Ng6+ Kf7 40.Nxh4 Rf4 41.Re5 Nf1+ 42.Kg1 Ng3 43.Re3  1-0